000 00888nam a22002417a 4500
005 20170823163959.0
010 _a1516EN07 ENG-114929
020 _a9780007356348
_c350.00
035 _aEN-98461
035 _aB-598095-110
035 _aB-667736
037 _adpl
_bKKP/Ven
037 _bDBAD/PUB
082 _aN
100 _aAdichie, Chimamanda Ngozi
245 _aAmericanah /
_cby Chimamanda Ngozi Adichie
260 _aLondon
_bFourth Estate
_c2015
270 _a77-85 Fulham Palace Road
_bLondon
_eW6 8JB
300 _a477p.
_c21cm(pbk)
942 _2ddc
_cEN
_mADI
_hN
999 _c96084
_d96084